Missing Word: Spices Quiz Stats

 Plays Quiz Updated Jun 28, 2020

Support Sporcle.
Go Orange.
Score 0/16 Timer 03:00
0 Plays Today
Hint Missing Word % Correct
Open ____Sesame
90%
____ PottsPepper
88.4%
Colonel ____Mustard
87.4%
____'s BabyRosemary
86.8%
____ IceVanilla
86.6%
____ Toast CrunchCinnamon
83.8%
____ RogersGinger
79.3%
____ AdviceSage
79.3%
Hint Missing Word % Correct
____ PattyPeppermint
75.5%
Stephen ____Curry
58.7%
____ McClanahanRue
58.2%
____ WinduMace
49%
____ of Baker StreetBasil
46.2%
The ____ StateNutmeg
36.6%
____ PicklesAngelica
34.8%
____ BrownLavender
33.9%

Today's Daily Dose

You're not logged in!

Compare scores with friends on all Sporcle quizzes.
OR
Log In
Forgot?

From the Vault

Who's That Actor

by mikedraven

Hey, who was that actor who played that one guy in the that movie about the stuff?
Remove Ads.
Support Sporcle.
Get the best of Sporcle when you Go Orange. This ad-free experience offers more features, more stats, and more fun while also helping to support Sporcle. Thank you for becoming a member.

Show Comments

Extras

Top Quizzes Today


Score Distribution

Your Account Isn't Verified!

In order to create a playlist on Sporcle, you need to verify the email address you used during registration. Go to your Sporcle Settings to finish the process.

Report this User

Report this user for behavior that violates our Community Guidelines.

Details: